Entry Término temático
001 - NÚMERO DE CONTROL
- campo de control: 48256
003 - IDENTIFICADOR DEL NÚMERO DE CONTROL
- campo de control: BNPHU
005 - FECHA Y HORA DE LA ÚLTIMA TRANSACCIÓN
- campo de control: 20240523174932.0
008 - DATOS DE LONGITUD FIJA
- campo de control de longitud fija: 200615|| aca||aabn | a|a d
010 ## - NÚMERO DE CONTROL DE LA BIBLIOTECA DEL CONGRESO
- Número de control de LC: sh 85002349
040 ## - FUENTE DE LA CATALOGACIÓN
- Centro catalogador/agencia de origen: DO-SdBNP
- Lengua de catalogación: spa
- Centro/agencia transcriptor: BNPHU
- Normas de descripción: rda
150 ## - ENCABEZAMIENTO--TÉRMINO DE MATERIA
- Término de materia o nombre geográfico como elemento de entrada: Derecho agrario
450 0# - TRAZADO DE VÉASE--TÉRMINO DE MATERIA
- Término de materia o nombre geográfico como elemento de entrada: Agricultural laws and legislation
450 ## - TRAZADO DE VÉASE--TÉRMINO DE MATERIA
- Término de materia o nombre geográfico como elemento de entrada: Derecho agrario
- Subdivisión general: Legislación
450 ## - TRAZADO DE VÉASE--TÉRMINO DE MATERIA
- Término de materia o nombre geográfico como elemento de entrada: Agricultura
- Subdivisión general: Leyes y legislación
450 ## - TRAZADO DE VÉASE--TÉRMINO DE MATERIA
- Término de materia o nombre geográfico como elemento de entrada: Legislación agraria
450 ## - TRAZADO DE VÉASE--TÉRMINO DE MATERIA
- Término de materia o nombre geográfico como elemento de entrada: Agricultura
- Subdivisión general: Legislación
450 ## - TRAZADO DE VÉASE--TÉRMINO DE MATERIA
- Término de materia o nombre geográfico como elemento de entrada: Agricultura
- Subdivisión general: Derecho
550 ## - TRAZADO VÉASE ADEMÁS--TÉRMINO DE MATERIA
- Término de materia o nombre geográfico como elemento de entrada: Agricultura y Estado
- Subcampo de control: g
550 ## - TRAZADO VÉASE ADEMÁS--TÉRMINO DE MATERIA
- Término de materia o nombre geográfico como elemento de entrada: Derecho agrario
- Subcampo de control: h
550 ## - TRAZADO VÉASE ADEMÁS--TÉRMINO DE MATERIA
- Término de materia o nombre geográfico como elemento de entrada: Educación agrícola
- Subdivisión general: Leyes y legislación
- Subcampo de control: h
670 ## - FUENTE DE DATOS ENCONTRADOS
- Cita de la fuente: Work cat.: (OSt)22916: Kautsky, karl 48255, la cuestión agraria :, 1984.
670 ## - FUENTE DE DATOS ENCONTRADOS
- Identificador Uniforme del Recurso: https://librunam.dgb.unam.mx:8443/F/LE2FQA1GE83GRG36S1QF7B1PDA5SFU8RK7YDB8347LVR8UPVM6-00101?func=full-set-set&set_number=023455&set_entry=000001&format=001 Consultado en 22 de Mayo, 2024
670 ## - FUENTE DE DATOS ENCONTRADOS
- Identificador Uniforme del Recurso: https://authorities.loc.gov/cgi-bin/Pwebrecon.cgi?AuthRecID=4655612&v1=1&HC=57&SEQ=20240523173743&PID=HInWTxKNYN_qJA2M48svnS1qwLF Consultado en 2024/MFF
680 ## - NOTA GENERAL PÚBLICA
- Texto explicativo: Aquí se asientan las obras generales sobre leyes y legislación agrícola. Las obras sobre derecho agrícola para el uso de agricultores se asientan bajo
- Encabezamiento o término de subdivisión: Derecho agrícola
681 ## - NOTA DE EJEMPLO DE TRAZADO DE MATERIA
- Texto explicativo: Nota bajo |a
